Normal view
MARC view
Entry Topical Term
001 - CONTROL NUMBER
- control field: 29212
003 - CONTROL NUMBER IDENTIFIER
- control field: dpl
005 - DATE AND TIME OF LATEST TRANSACTION
- control field: 20110707124845.0
008 - FIXED-LENGTH DATA ELEMENTS
- fixed length control field: 110707|||a|||||| | ||| d
040 ## - CATALOGING SOURCE
- Original cataloging agency: dpl
- Transcribing agency: dpl
150 ## - HEADING--TOPICAL TERM
- Topical term or geographic name as entry element: अंग्रैजी कादंबरी
- General subdivision: मराठी भाषा में अनुवादित
670 ## - SOURCE DATA FOUND
- Source citation: Work cat.: (dpl): कायले,आर्यन 29210, द गॉड ऑफ अँनिमल्स /, 2011
670 ## - SOURCE DATA FOUND
- Source citation: Work cat.: (dpl): कायले,आर्यन 29210, द गॉड ऑफ अँनिमल्स /, 2011
